Statistiken für Deutsche Vereine nach Zuschauerzahlen

Klicken Sie hier um das Quiz zu spielen!

Allgemein

  • Dieses Quiz wurde 80 mal gespielt
  • Das Durchschnittsergebnis liegt bei 7 aus 10

Antwortstatistiken

ZuschauerzahlenMannschaft% Korrekt
81.297Borussia Dortmund
99%
75.000FC Bayern München
99%
61.412FC Schalke 04
92%
55.821Hamburger SV
71%
56.853Eintracht Frankfurt
66%
54.467VFB Stuttgart
63%
49.8071. FC Köln
62%
49.344Hertha BSC
50%
44.918RB Leipzig
45%
51.036Borussia Mönchengladbach
42%

Verteilung der Resultate

Perzentil nach korrekt beantworteten Fragen

Anzahl Personen mit jedem Resultat

Ihre Resultats-Entwicklung

Sie haben dieses Quiz noch nicht gespielt